| 000 | 00798nam a22002297a 4500 | ||
|---|---|---|---|
| 003 | JO-AjAnu | ||
| 005 | 20231128114922.0 | ||
| 008 | 23112||||| |||| 00| 0 ara d | ||
| 015 | _22020/2949 | ||
| 020 | _a9789778125009 | ||
| 040 |
_aJO-AjAnu _bARA _cJO-AjAnu |
||
| 041 | _aARA | ||
| 050 |
_aSF810 _a2021 |
||
| 100 | 1 |
_aالسيد، احمد جلال _964509 _eمترجم ومعد |
|
| 245 | 2 |
_aالصحة والمناعة في الدواجن / _cاحمد جلال السيد ...[واخرون] |
|
| 250 | _aالطبعة الاولى | ||
| 260 |
_aالقاهرة : _bالمكتب العربي للمعارف، _c2021 |
||
| 300 | _a603صفحة | ||
| 650 | 7 | 0 |
_aدواجن- الصحة والمناعة _964520 |
| 700 |
_aفتحي، معتز محمد _964521 _eمعد ومترجم |
||
| 942 |
_2lcc _cBK _n0 |
||
| 999 |
_c33185 _d33185 |
||